Star Wars Planets and Moons by Movie - Episode V - Statistics

General Stats
  • This quiz has been taken 112 times
  • The average score is 3 of 5
Answer Stats
Answer % Correct
Hoth
100%
Dagobah
82%
Bespin
79%
Ord Mantell
7%
Anoat
2%
No matching quizzes found
Score Distribution
Percent of People with Each Score
Percentile by Number Answered
Your Score History
You have not taken this quiz